Представление документа в формате RUSMARC

ПолеНазваниеЗначение
  Тип записи a
  Библиографический уровень m
001 Контрольный номер RU/IS/BASE/548269241
005 Дата корректировки 20201206205048.2
010 Индекс ISBN __
a ISBN 978-5-7598-1372-9 (в пер.)
d Цена 500-00
100 Данные общей обработки __
a Данные общей обработки 19170516d2016||||||| 0rusy0189 ca
101 Язык документа 0_
a Язык текста rus
102 Страна публикации __
a Страна публикации RU|
105 Кодированные данные (монография) __
a Кодированные данные (монография) a|||||||000zy
200 Заглавие и сведения об ответственности 1_
a Заглавие Анатомия архитектуры
e Сведения, относящиеся к заглавию семь книг о логике, форме и смысле
f Первые сведения об ответственности Сергей Кавтарадзе
b Общее обозначение материала Текст
205 Сведения об издании __
a Основные сведения об издании 2-е изд.
210 Выходные данные __
a Место издания Москва
c Издательство Издательский дом Высшей школы экономики
d Дата издания 2016
215 Физическое описание __
a Объем 468, [2] с.
c Иллюстрации/тип воспроизводства ил.
d Формат 24 см
225 Серия __
a Серия Серия Исследования культуры
300 Общие примечания __
a Общие примечания 1000 экз.
300 Общие примечания __
a Общие примечания Премия "Просветитель" 2016 г.
330 Аннотация __
a Аннотация Цель книги искусствоведа Сергея Кавтарадзе - максимально простым и понятным языком объяснить читателю, что такое архитектура как вид искусства. Автор показывает, как работают механизмы восприятия архитектурного сооружения, почему зритель получает от него эстетическое удовольствие. Книга учит самостоятельно видеть и анализировать пластические достоинства формы и бесконечные слои смыслового наполнения архитектурных памятников, популярно излагая историю европейских стилей и логику их развития. Книга адресована широкому кругу читателей, интересующихся архитектурой и историей искусства.
606 Тематические рубрики __
a Основная рубрика Архитектура
606 Тематические рубрики __
a Основная рубрика Архитектура в целом
610 Ключевые слова __
a Ключевые слова архитектурные ансамбли
a Ключевые слова архитектурные здания
a Ключевые слова архитектурные композиции
a Ключевые слова архитектурные образы
a Ключевые слова архитектурные стили
a Ключевые слова здания
a Ключевые слова зодчество
a Ключевые слова история архитектуры
a Ключевые слова стили архитектуры
a Ключевые слова теория архитектуры
a Ключевые слова храмы
686 Индексы других классификаций __
2 Код системы rubbks
a Классификационный индекс 85.11
700 Автор _1
a Фамилия Кавтарадзе
b Имя С. Ю.
g Полное личное имя Сергей Юрьевич
4 Код отношения 070
801 Источник записи _0
a Страна RU
b Организация Муниципальное бюджетное учреждение культуры "Централизованная библиотечная система" г. Сургут (Центральная городская библиотека им. А. С. Пушкина)
c Дата составления 20170516
g Правила каталогизации КиК/Котельникова
801 Источник записи _1
a Страна RU
b Организация Муниципальное бюджетное учреждение культуры "Централизованная библиотечная система" г. Сургут (Центральная городская библиотека им. А. С. Пушкина)
c Дата составления 20170516
g Правила каталогизации КиК/Котельникова
852 Данные о местонахождении __
j Шифр хранения 85.11
i Авторский знак К 12
901 Тип документа __
t Тип документа m
903 Характеристики (МАРС) __
a Дата передачи 20170516
969 Тип издания __
a Тип издания научное издание
990 Данные о заказе (DOS) __
j Количество экземпляров (DOS) 1
t N записи в КСУ для И/У (DOS) 201705